00571nam a22001692 4500001001100000005001700011008004100028020001700069040001500086245010600101250001300207260005900220300001600279650005000295710005300345852000300398000001877320151217152134.0100629s xx 000 0 eng d a0309036275 : aKABUcKABU10aPesticide resistance :bstrategies and tactics for management /cNational Research Council (U. S. A.) a1st ed. aWashington, D. C. :bNational Research Council,c1985. axi, 471 p. 0aPesticide resistancevCongresses.@00001781562 aNational Research Council (U. S. A.)@00001781571